The Complete Dead Sea Scrolls in English (Record no. 12147)

MARC details
000 -LEADER
fixed length control field 00568nam a2200217 a 4500
001 - CONTROL NUMBER
control field 0001-2147
003 - CONTROL NUMBER IDENTIFIER
control field ELIB.Books
008 - FIXED-LENGTH DATA ELEMENTS--GENERAL INFORMATION
fixed length control field 190725 2010 eng
020 ## - INTERNATIONAL STANDARD BOOK NUMBER
International Standard Book Number 9780141197319
092 ## - LOCALLY ASSIGNED DEWEY CALL NUMBER (OCLC)
Classification number 220
Item number Ver
100 ## - MAIN ENTRY--PERSONAL NAME
Personal name Vermes, Geza.
245 ## - TITLE STATEMENT
Title The Complete Dead Sea Scrolls in English
260 ## - PUBLICATION, DISTRIBUTION, ETC. (IMPRINT)
Place of publication, distribution, etc. England
Name of publisher, distributor, etc. Penguin Books
Date of publication, distribution, etc. 2011
300 ## - PHYSICAL DESCRIPTION
Extent 698
Dimensions 19.5cm
650 ## - SUBJECT ADDED ENTRY--TOPICAL TERM
Topical term or geographic name as entry element Bible
856 ## - ELECTRONIC LOCATION AND ACCESS
Name of location of host KBTS Library
Uniform Resource Identifier <a href="KBTS Elib">KBTS Elib</a>
942 ## - ADDED ENTRY ELEMENTS (KOHA)
Source of classification or shelving scheme Dewey Decimal Classification
Koha item type Books
990 ## - EQUIVALENCES OR CROSS-REFERENCES [LOCAL, CANADA]
Link information for 9XX fields 1
998 ## - LOCAL CONTROL INFORMATION (RLIN)
-- Englishbooks.elf
Cataloger's initials, CIN (RLIN) cat
-- 2019-07-25
-- cat
-- 2019-07-25
Holdings
Withdrawn status Lost status Source of classification or shelving scheme Damaged status Not for loan Home library Current library Date acquired Total Checkouts Barcode Date last seen Bill Date Koha item type
    Dewey Decimal Classification     Karen Baptist Theological Seminary Library Karen Baptist Theological Seminary Library 25/07/2019   16161 22/01/2022 22/01/2022 Books
Implemented & Customized by: BestBookBuddies

Powered by Koha